000 00506nam a2200181Ia 4500
008 090123s9999 xx 000 0 und d
082 _b3716
100 _aपुट्टप के. व्हि.
245 _aहुवु कावु
250 _a1
260 _c1974
300 _a260
600 _aपुट्टप के. व्हि.
630 _aहुवु कावु
700 _aपुट्टप के. व्हि.
730 _aहुवु कावु
942 _cBOOK
999 _c41795
_d41795